• 首页
  • 本馆介绍
  • 公告通知
  • 最新文献
  • 馆藏检索
  • 电子资源
  • 读者导购
  • 参考咨询
  • 我的图书馆
  • 登录
  • 详细信息显示
  • 放入我的书架
  • 预约/预借图书
  • 作者相关作品
  • 分类相关作品
  • 丛书相关作品
  • 出版社相关作品

书目信息

  • 表格格式
  • 工作单格式
  • 卡片格式
题名:
高光谱遥感及其应用
    
 
作者: 浦瑞良 , 宫鹏(编著)
分册:  
出版信息: 北京   高等教育出版社  2000
页数: 254页
开本: 24cm
丛书名: 当代科学前沿论丛
单 册:
中图分类: TP72
科图分类:
主题词: 遥感
电子资源:
ISBN: 7-04-008981-5
000 00792nam0 2200253 45
001 0306170805
005 20031219104111.2
010    @a7-04-008981-5@dCNY36.20
100    @a20030617d2000 km y0chiy0120 ea
101 0  @achi
105    @aa z 000yy
200 1  @a高光谱遥感及其应用@AGao Guang Pu Yao Gan Ji Qi Ying Yong@f浦瑞良,宫鹏[编著]@FPu Rui Liang,Gong Peng[Bian Zhu]
210    @a北京@c高等教育出版社@d2000
215    @a254页@c插图@d24cm
225    @a当代科学前沿论丛
225    @a南京大学国际地球系统科学研究所讲座教授丛书
410    @12001 @a当代科学前沿论丛
410    @12001 @a南京大学国际地球系统科学研究所讲座教授丛书
606 0  @a遥感
690    @aTP72@v4
701  0 @a浦瑞良
701  0 @a宫鹏(编著)
801    @aCN@bTSTC@c20030617
905    @b324247-251@dTP72@e13@f5
    
    高光谱遥感及其应用/浦瑞良,宫鹏[编著].-北京:高等教育出版社,2000
    254页:插图;24cm.-(当代科学前沿论丛).-(南京大学国际地球系统科学研究所讲座教授丛书)
    
    
    ISBN 7-04-008981-5:CNY36.20
    
●
相关链接 在E读中查询图书 在五车中查询图书 在当当中查询图书 在豆瓣中查询图书


正题名:高光谱遥感及其应用     索取号:TP72/13         预约/预借

序号 登录号 条形码 馆藏地/架位号 状态 备注
1 0324247   203242473   第三借阅区/ [索取号:TP72/13] 在馆    
2 0324248   203242482   第三借阅区/ [索取号:TP72/13] 在馆    
3 0324249   203242491   第三借阅区/ [索取号:TP72/13] 在馆    
4 0324250   203242507   第三借阅区/ [索取号:TP72/13] 在馆    
5 0324251   203242516   第二样本阅览室/ [索取号:TP72/13] 在馆    
唐山师范学院图书馆 欢迎您!
大连网信软件有限公司© 版权所有